| 000 | 00542nam a22001937a 4500 | ||
|---|---|---|---|
| 003 | OSt | ||
| 005 | 20140310182829.0 | ||
| 008 | 130530t xxu||||| |||| 00| 0 eng d | ||
| 050 |
_aPN 4001 _b.W594 2008 |
||
| 082 |
_aM 808.85 _bW58 2008 |
||
| 245 |
_aReadymade speeches: for all occasions / _cWhiteman, W.A. |
||
| 260 |
_aNew Delhi : _bGoodwill Publishing House, _c2008 |
||
| 300 |
_avii, 136 p. : _bill. ; _c22 cm. |
||
| 521 | _acollege students | ||
| 526 | _c1210L-1700L | ||
| 541 | _j1 | ||
| 562 | _e1 | ||
| 942 |
_2lcc _cBK _kM |
||
| 999 |
_c16573 _d16573 |
||